| 000 | 00617nam a22002052 4500 | ||
|---|---|---|---|
| 001 | 0000011794 | ||
| 005 | 20151217155848.0 | ||
| 008 | 090108s xx 000 0 eng d | ||
| 040 |
_aKABU _cKABU |
||
| 100 | 1 |
_aSchweitzer, Albert. _@0000167807 |
|
| 245 | 1 | 0 |
_aOn the edge of the primeval forest / _cAlbert Schweitzer. |
| 250 | _a1st ed. | ||
| 260 |
_aLondon : _bFontana, _c1056. |
||
| 300 | _a127 p. | ||
| 600 | 1 | 0 |
_aSchweitzer, Albert, _d1875-1965. _@0000020206 |
| 650 | 0 |
_aMissions _zGabon. _@0000167808 |
|
| 852 | 1 | _9p100 KES | |
| 908 | _a090108 | ||
| 950 | _@1 | ||
| 999 |
_c13403 _d13403 |
||